| 000 | 00775nam a2200217 a 4500 | ||
|---|---|---|---|
| 001 | 41594 | ||
| 003 | BD-RjUL | ||
| 005 | 20211209053422.0 | ||
| 008 | 160602s1985 b ||||| |||| 00| 0 ben d | ||
| 035 | _a(BD-RjUL)41712 | ||
| 040 |
_aBD-RjUL _bben _cBD-RjUL _dBD-RjUL |
||
| 041 | _aben | ||
| 082 |
_223 _a923.10954 _bTOI 1986 |
||
| 100 |
_aতোফায়েল _9127808 |
||
| 245 | 1 | 0 |
_aইন্দিরা গান্ধী বাংলাদেশে / _cতোফায়েল |
| 260 |
_aঢাকা : _bরেবেকা তাসনিম, _c১৯৮৬ (১৩৯২) |
||
| 300 |
_a[১০], ২৭৬ পৃ. ; _c২৩ সেমি. |
||
| 600 |
_aগান্ধী, ইন্দিরা _9183394 |
||
| 600 |
_aGandhi, Indira _9183395 |
||
| 942 |
_2ddc _cBK |
||
| 999 |
_c41594 _d41594 |
||